Sila tarotu väčšina tarotomanov sa zhoduje, že karty majú človeku skôr pomôcť zorientovať sa v živote, ako by predpovedali budúcnosť

Podrobná bibliografia
Hlavný autor: Mikulcová, Monika (Autor)
Médium: Článok
Jazyk:slovenčina
Fyzický popis:Obr.
ISSN:1210-2040
Predmet:

MARC

LEADER 00000nab a2200000 a 4500
001 vtls009454460
003 SK-MaSNL
005 20260305035454.0
008 081211 2008 xo r r 000 0 slo
015 |a SNBRB2008/12  |2 kevkjb 
038 |a KEVKJB 
040 |a KEVKJB  |b slo  |c KEVKJB  |e AACR2 
041 0 |a slo 
044 |a xo  |c SK 
080 |a 133.3:794.43  |2 2001 
080 |a 794.43  |2 2001 
100 1 |a Mikulcová, Monika  |4 aut  |9 857116 
245 1 0 |a Sila tarotu  |b väčšina tarotomanov sa zhoduje, že karty majú človeku skôr pomôcť zorientovať sa v živote, ako by predpovedali budúcnosť  |c Monika Mikulcová 
300 |b Obr. 
650 0 7 |a hracie karty  |2 kevkjb  |9 88554 
650 0 7 |a tarot  |2 kevkjb  |9 67884 
650 0 7 |a veštenie  |2 kevkjb  |9 2091 
650 0 7 |a okultizmus  |2 kevkjb  |9 2078 
773 0 |t Plus 7 dní  |g Roč. XVIII, č. 50 (2008), s. 102-104  |x 1210-2040 
852 |a KEVKJB  |b KIS3GCP 
999 |c 3333975  |d 3335905